Πολυκριτήρια υποστήριξη αποφάσεων στρατηγικών αποθεματοποίησης εφοδιαστικής αλυσίδας : μελέτη παραφαρμακευτικού συμπλέγματος επιχειρήσεων (enterprise cluster) : [μεταπτυχιαλή εργασία]

Αποθηκεύτηκε σε:
Λεπτομέρειες βιβλιογραφικής εγγραφής
Κύριος συγγραφέας: Μουρούτογλου, Παναγιώτης
Συγγραφή απο Οργανισμό/Αρχή: Πανεπιστήμιο Αιγαίου Σχολή Επιστημών της Διοίκησης Τμήμα Μηχανικών Οικονομίας και Διοίκησης Μεταπτυχιακό Πρόγραμμα Σπουδών "Οικονομική & Διοίκηση για Μηχανικούς" - Ο.ΔΙ.Μ
Άλλοι συγγραφείς: Μίνης, Ιωάννης (Εισηγητής διατριβής)
Μορφή: Thesis Βιβλίο
Γλώσσα:Greek
Δημοσίευση: 2009
Θέματα:
Διαθέσιμο Online:http://hdl.handle.net/11610/14710
Ετικέτες: Προσθήκη ετικέτας
Δεν υπάρχουν, Καταχωρήστε ετικέτα πρώτοι!

MARC

LEADER 00000cam a2200000 i 4500
001 1/11976
008 110215s2009 gre d
035 |l 10109615 
040 |a GR-MY-UA  |b gre  |e aacr 
041 0 |a gre 
082 0 |a 658.560285  |2 (22) 
100 1 |a Μουρούτογλου, Παναγιώτης. 
245 1 0 |a Πολυκριτήρια υποστήριξη αποφάσεων στρατηγικών αποθεματοποίησης εφοδιαστικής αλυσίδας :  |b μελέτη παραφαρμακευτικού συμπλέγματος επιχειρήσεων (enterprise cluster) : [μεταπτυχιαλή εργασία] /  |c Μουρούτογλου Παναγιώτης ; επιβλέπων: Μίνης Ιωάννης 
260 |c 2009 
300 |a 141 σ.;  |b πίν.;  |c 30 εκ. 
500 |a Μέλη τριμελούς επιτροπής: Βουλγαρίδου Δήμητρα, Δούνιας Γεώργιος 
502 |a Διατριβή (μεταπτυχιακή) – Πανεπιστήμιο Αιγαίου, Χίος, 2009. 
504 |a Περιλαμβάνει βιβλιογραφία 
650 0 0 |a Production management. 
650 0 0 |a Just-in-time systems. 
650 0 0 |a Industrial management. 
650 0 0 |a Process control. 
650 0 0 |a Consumer satisfaction. 
650 0 0 |a Forecasting. 
650 0 0 |a Pharmacists. 
650 0 0 |a Pharmacy. 
650 0 0 |a Decision making. 
650 0 0 |a Business logistics. 
650 0 0 |a Materials management. 
650 0 0 |a Dissertations, Academic  |z Greece. 
700 1 |a Μίνης, Ιωάννης.  |4 ths 
710 1 |a Πανεπιστήμιο Αιγαίου  |b Σχολή Επιστημών της Διοίκησης  |b Τμήμα Μηχανικών Οικονομίας και Διοίκησης  |b Μεταπτυχιακό Πρόγραμμα Σπουδών "Οικονομική & Διοίκηση για Μηχανικούς" - Ο.ΔΙ.Μ. 
852 |a INST  |b CHIOS  |c DIATR  |e 20110215  |h 658.560285 ΜΟΥ  |p 005200032487  |q 005200032487  |t MTXE  |y 23 
852 |a INST  |b CHIOS  |c DIATR  |e 20110215  |h 658.560285 ΜΟΥ  |p 005200032488  |q 005200032488  |t MTXE  |y 23 
856 |u http://hdl.handle.net/11610/14710 
901 |a BIBL2-2011-1 
909 |a Χ  |b 149249 
909 |a Χ  |b 149250 
924 |a Μουρούτογλου  |b Παναγιώτης  |y Χίος  |z 2009-10 
970 |a Παροικάκη  |b Βασιλάκη  |z 2011/02/15